000
00251nam a2200109Ia 4500
008
220120s9999||||xx |||||||||||||| ||und||
082
_a
003.78 DHA
100
_a
Dhamdhere
245
0
_a
System programming
260
_b
New Delhi
300
_a
596p.
_b
300
999
_c
136356
_d
136356